| 000 | 01106nam a2200229Ia 4500 | ||
|---|---|---|---|
| 003 | Ost | ||
| 005 | 20260507074856.0 | ||
| 008 | 260507s9999||||xx |||||||||||||| ||und|| | ||
| 020 | _a9957181335 | ||
| 040 | _cfsecg | ||
| 041 | _aara | ||
| 082 | _a658.15 | ||
| 100 |
_aالكرخي، مجيد _eمؤلف |
||
| 245 | 0 |
_aتقويم الأداء باستخدام النسب المالية / _c مجيد الكرخي |
|
| 260 |
_aعمان: _bدار المناهج للنشر والتوزيع, _c2007 |
||
| 300 |
_a356 صفحة؛ _bإيضاحات ؛ _c25 سم |
||
| 504 | _aبيبليوغرافيا: ص.349 | ||
| 520 | _aيضم مفهوم الوحدة الاقتصادية، المفاهيم الأولية لتقويم الأداء، معايير تقويم الأداء، المجموعة العامة لمعايير تقويم الأداء، المجموعات الأساسية لتقويم الأداء، حالة تطبيقية تقويم أداء شركة الجرارات الزراعية | ||
| 653 | _aالادارة المالية | ||
| 653 | _aالمالية العامة | ||
| 942 | _cكتاب | ||
| 999 |
_c41610 _d41610 |
||